000 00291nam a2200133 a 4500
008 190522s |||| d
100 1 _aRosepree Rose
245 1 0 _aJak se zbavit pripoutanosti
260 _aPraha
250 _a1.vydanie
020 _c0
041 _acze
044 _axo
_cSK
999 _c20726
_d20726